Manusia di bidang pertanian (Record no. 47369)

MARC details
000 -LEADER
fixed length control field 00737nam a2200265 i 4500
001 - CONTROL NUMBER
control field C2-0150108
003 - CONTROL NUMBER IDENTIFIER
control field PPAK
005 - DATE AND TIME OF LATEST TRANSACTION
control field 20180727131904.0
008 - FIXED-LENGTH DATA ELEMENTS--GENERAL INFORMATION
fixed length control field 980325s1997 my a|||| ||||| | may d
020 ## - INTERNATIONAL STANDARD BOOK NUMBER
International Standard Book Number 9838322369
040 ## - CATALOGING SOURCE
Original cataloging agency PPAK
Language of cataloging eng
Transcribing agency PPAK
Description conventions rda
082 04 - DEWEY DECIMAL CLASSIFICATION NUMBER
Classification number 899.233
Edition number 23
090 00 - LOCALLY ASSIGNED LC-TYPE CALL NUMBER (OCLC); LOCAL CALL NUMBER (RLIN)
Classification number (OCLC) (R) ; Classification number, CALL (RLIN) (NR) 899.233
Feature heading NIR
Feature heading K
100 0# - MAIN ENTRY--PERSONAL NAME
Personal name Niro H.M.S.,
Relator term author
245 10 - TITLE STATEMENT
Title Manusia di bidang pertanian
264 #1 - PRODUCTION, PUBLICATION, DISTRIBUTION, MANUFACTURE, AND COPYRIGHT NOTICE
Place of production, publication, distribution, manufacture Kuala Lumpur :
Name of producer, publisher, distributor, manufacturer Pustaka Printis ,
Date of production, publication, distribution, manufacture, or copyright notice 1997
300 ## - PHYSICAL DESCRIPTION
Extent 23 pages :
Other physical details illustrations ;
Dimensions 22 cm
336 ## - CONTENT TYPE
Source rdacontent
Content type term text
337 ## - MEDIA TYPE
Source rdamedia
Media type term unmediated
338 ## - CARRIER TYPE
Source rdacarrier
Carrier type term volume
490 1# - SERIES STATEMENT
Series statement Siri Evolusi Manusia
650 10 - SUBJECT ADDED ENTRY--TOPICAL TERM
Topical term or geographic name entry element Children's stories, Malay
830 #0 - SERIES ADDED ENTRY--UNIFORM TITLE
Uniform title Siri Evolusi Manusia
942 ## - ADDED ENTRY ELEMENTS (KOHA)
-- dc
Koha item type Book
Holdings
Withdrawn Not for loan Current library Shelving location Date acquired Full call number Barcode Date last seen Koha item type
    Perpustakaan Awam Sungai Petani Pinjaman Kanak-kanak 25/03/1998 K 899.233 NIR A00130306 08/05/2018 Book
    Perpustakaan Awam Sungai Petani Pinjaman Kanak-kanak 25/03/1998 K 899.233 NIR A00130307 08/05/2018 Book
    Bergerak 1, Alor Setar Pinjaman Kanak-kanak 25/03/1998 K 899.233 NIR A00130312 08/05/2018 Book
    Bergerak 3, Baling Pinjaman Kanak-kanak 25/03/1998 K 899.233 NIR A00130314 08/05/2018 Book
    Bergerak 4, Sungai Petani Pinjaman Kanak-kanak 25/03/1998 K 899.233 NIR A00130315 08/05/2018 Book
    Bergerak 5, Kulim Pinjaman Kanak-kanak 25/03/1998 K 899.233 NIR A00130318 08/05/2018 Book